000 00942nam0a22002411i 4500
001 rc\4752363
005 20240726020015.0
021 _aRU
_bРг1922
021 _aRU
_b61-87607
035 _a(NLR Aleph) 008993647
090 _a9262633
_c9262633
100 _a20130417d1958 |||y0rusy50 ca
101 0 _arus
102 _aRU
105 _ay d |||||
200 1 _aПрогрессивная мышечная атрофия
_e(Вопросы клиники, патогенеза и лечения)
_eАвтореферат дис. на соискание учен. степени кандидата мед. наук
_fКиев. ордена Труд. Красного Знамени мед. ин-т им. акад. А.А. Богомольца
210 _aКиев
_d1958
215 _a15 с.
_d22
700 1 _aЛитовченко
_bС.В.
801 0 _aRU
_bNLR
_gpsbo
801 1 _aRU
_bELAR
_2rusmarc
852 _aNLR
_j61-6/1692
942 _cBOOK